Statistics for Five Biggest Countries by Mountain Range

Click here to take the quiz!

General Stats

  • This quiz has been taken 1,323 times
    (1,290 since last reset)
  • The average score is 24 of 30

Answer Stats

Mt. RangeCountry% Correct
HimalayasChina
99%
HimalayasIndia
98%
AlpsFrance
97%
HimalayasNepal
96%
AndesArgentina
95%
AndesChile
95%
AlpsItaly
95%
AndesPeru
95%
CaucasusRussia
95%
AlpsSwitzerland
95%
AlpsGermany
94%
HimalayasPakistan
94%
AlpsAustria
93%
AndesBolivia
92%
AndesColombia
89%
CaucasusTurkey
81%
CaucasusGeorgia
80%
CarpathianUkraine
80%
CarpathianRomania
79%
CaucasusAzerbaijan
77%
CaucasusIran
75%
CarpathianHungary
68%
HimalayasBurma
67%
CarpathianPoland
65%
CarpathianSerbia
59%
Eastern RiftTanzania
59%
Eastern RiftKenya
58%
Eastern RiftD.R. Congo
54%
Eastern RiftUganda
52%
Eastern RiftBurundi
39%

Score Distribution

Percentile by Number Answered

Percent of People with Each Score

Your Score History

You have not taken this quiz since the last reset